000 01376nam a2200325 c 4500
999 _c126644
_d126644
003 BLK
005 20220126095635.0
008 180409b bul|||||r ||||||| ||bul||
010 _aKNG00132332000
040 _aBLK
041 _aBUL
_cBUL
080 _aСвещено писание. Библия. Стар и Нов завет
_b22
_z22
139 _aБиблия
_bБ 44
245 1 0 _aИлюстрирана библия
_bС библейски текстове по Синодалния прев.
_cграв. Юлиус Шнор фон Каролсфелд; подб. Неврокопски митрополит Пимен.
257 _aSB
260 _bСинод. изд. на Бълг. православна църква
_c1993
300 _a256 с.
_bс ил.
_c30 см
380 _a2
500 _aДруги състав. : П. Ив. Петров, К. Ал. Златев.
650 4 _aБиблия
_9148564
653 _aБиблия
700 1 _aКаролсфелд, Юлиус Шнор фон
_eграв.
_977228
700 1 _aПимен, Неврокопски митрополит
_eподб.
_9320233
710 1 _aБиблия
_9148564
852 _aЦб ІІ 8196
856 4 _qpdf
856 4 _qpdf
942 _cKNG
_n0
_01
_s1
944 _aCR
_c23.07.2012
_lф / 23.07.2012
_kКина_Георгиева
944 _aED
_c05.06.2017
_lф / 23.07.2012
_kЛюдмила_Стоянова
999 _d126644